[Event "George Trundle Talents"]
[Site "Auckland"]
[Date "2020.01.11"]
[Round "8"]
[White "Somaraju, Sai Vivan Karthikey"]
[Black "Mudaliar, Rohit"]
[Result "0-1"]
[WhiteElo "256"]
[BlackElo "1403"]
[PlyCount "74"]
[EventDate "2020.01.04"]
[EventType "tourn"]
[EventRounds "9"]
[EventCountry "NZL"]
[SourceTitle "EXT 2021"]
[Source "ChessBase"]
[SourceDate "2020.10.23"]
[SourceVersion "1"]
[SourceVersionDate "2020.10.23"]
[SourceQuality "1"]

1. e4 e5 2. Nf3 Nc6 3. Bc4 Nd4 4. Nxd4 exd4 5. 0-0 d6 6. d3 a5 7. Bf4 c6 8. a3 Be7 9. Nd2 Nf6 10. Qf3 0-0 11. Rae1 Bg4 12. Qg3 Qd7 13. h3 Bh5 14. Bh6 Bg6 15. Bg5 Nh5 16. Qh4 Bxg5 17. Qxg5 Qd8 18. Qxd8 Rfxd8 19. Nf3 b5 20. Ba2 c5 21. Bd5 Rab8 22. b4 Nf4 23. Bb3 a4 24. Ba2 Bh5 25. Ng5 h6 26. Nf3 Bxf3 27. gxf3 cxb4 28. axb4 Rdc8 29. c4 dxc3 30. Kh2 c2 31. d4 Nd3 32. Ra1 Nxb4 33. Bd5 Nxd5 34. exd5 b4 35. Rxa4 b3 36. Raa1 b2 37. Rae1 c1Q 0-1

[Event "George Trundle Talents"]
[Site "Auckland"]
[Date "2020.01.10"]
[Round "7"]
[White "Mudaliar, Rohit"]
[Black "Steadman, Mathew"]
[Result "0-1"]
[WhiteElo "1403"]
[BlackElo "1453"]
[PlyCount "108"]
[EventDate "2020.01.04"]
[EventType "tourn"]
[EventRounds "9"]
[EventCountry "NZL"]
[SourceTitle "EXT 2021"]
[Source "ChessBase"]
[SourceDate "2020.10.23"]
[SourceVersion "1"]
[SourceVersionDate "2020.10.23"]
[SourceQuality "1"]

1. d4 d6 2. c4 Nf6 3. Nf3 c6 4. Nc3 Nbd7 5. Bf4 g6 6. e4 Bg7 7. h3 Nh5 8. Be3 Qc7 9. Rc1 e5 10. d5 0-0 11. Be2 Nhf6 12. 0-0 c5 13. Qd2 a6 14. a4 Ne8 15. Nh4 f5 16. exf5 gxf5 17. Bh6 Qd8 18. Qg5 Qxg5 19. Bxg5 Ndf6 20. Bd2 Bd7 21. b3 Nc7 22. Ra1 Rab8 23. Rfb1 Rbe8 24. b4 cxb4 25. Rxb4 b5 26. axb5 axb5 27. cxb5 Ncxd5 28. Nxd5 Nxd5 29. Bc4 Be6 30. Bxd5 Bxd5 31. Ra6 Rd8 32. b6 Rb8 33. Rb1 Be4 34. Rb4 Bf6 35. Nf3 Rf7 36. Bg5 Bxf3 37. Bxf6 Bb7 38. Ra7 Rxf6 39. Rc4 Bd5 40. Rc3 Rxb6 41. Rc8+ Rf8 42. Rcc7 Rf7 43. Rc8+ Kg7 44. Ra3 f4 45. Rd8 Kf6 46. Rd3 Ke6 47. Rc3 Rg7 48. f3 Rb1+ 49. Kh2 Rb2 50. h4 Rbxg2+ 51. Kh1 Rg1+ 52. Kh2 R1g2+ 53. Kh3 Ke7 54. Rdc8 Be6# 0-1

[Event "George Trundle Talents"]
[Site "Auckland"]
[Date "2020.01.04"]
[Round "1"]
[White "Zhang, Ethan"]
[Black "Mudaliar, Rohit"]
[Result "0-1"]
[WhiteElo "1338"]
[BlackElo "1403"]
[PlyCount "110"]
[EventDate "2020.01.04"]
[EventType "tourn"]
[EventRounds "9"]
[EventCountry "NZL"]
[SourceTitle "EXT 2021"]
[Source "ChessBase"]
[SourceDate "2020.10.23"]
[SourceVersion "1"]
[SourceVersionDate "2020.10.23"]
[SourceQuality "1"]

1. d4 e6 2. Nf3 d5 3. Bf4 Bd6 4. Bxd6 cxd6 5. c3 Nf6 6. Nbd2 0-0 7. Qc2 b5 8. e4 dxe4 9. Nxe4 Nxe4 10. Qxe4 d5 11. Qc2 a6 12. Bd3 g6 13. 0-0 Nc6 14. Rfe1 Bb7 15. Rad1 Rc8 16. a3 b4 17. axb4 Nxb4 18. Qa4 Nxd3 19. Rxd3 Qb6 20. Rd2 Bc6 21. Qa3 Rc7 22. Ne5 Ra8 23. Nxc6 Qxc6 24. Ra1 Qc4 25. Qa4 Qc6 26. Qxc6 Rxc6 27. g3 Rb6 28. b4 Rc8 29. Rc2 Rxb4 30. Rxa6 Rxd4 31. cxd4 Rxc2 32. Kf1 Rc4 33. Ke2 Rxd4 34. Ke3 Rc4 35. Rd6 Kg7 36. f4 h5 37. Kd3 Ra4 38. Ke3 h4 39. Rc6 hxg3 40. hxg3 Ra3+ 41. Kf2 Kf6 42. g4 g5 43. fxg5+ Kxg5 44. Rc7 Ra4 45. Rxf7 Rf4+ 46. Rxf4 Kxf4 47. g5 Kxg5 48. Ke3 Kf5 49. Kd3 e5 50. Kd2 Ke4 51. Ke2 d4 52. Kd1 d3 53. Kd2 Kd4 54. Kd1 Ke3 55. Ke1 d2+ 0-1